000 01237cam a2200277 4500
001 WB3801-10
008 011219n2001 000 0 eng u
035 _a(Sirsi) u116072
245 _aMaintenance costs steady rise
260 _c2001
490 _aBMI News Release
_v(305) December 2001, (2)
520 _aThe latest "BMI Quarterly Briefing of Maintenance Costs" shows private sector maintenance costs continuing to rise more than those in the public sector. The BMI Private Sector Index rose by 3.7% between 2Q and 3Q 2001, whilst the MBI Health Service and Local Authority Indices rose by only 0.1% in the same period. Graph. The BMI Bulletin 305 - BMI Quarterly Briefing of Maintenance Costs is available as part of the BMI Bulletin Service or individually, priced £80. For further information contact Alan Cowan at BMI, tel: +44 (0)20 7695 1500.
590 _aWB
650 _aBMI
650 _aPRIVATE SECTOR
650 _aMAINTENANCE COSTS
650 _aPUBLIC SECTOR
650 _aINDICES
650 _aINPUT COSTS
650 _aSURVEY
650 _aFORECASTS
650 _aHEALTH SECTOR
650 _aLOCAL AUTHORITY COSTS
690 _aBUILDING AND CONSTRUCTION-REPAIRS AND MAINTENANCE
942 _n0
999 _c69144
_d69144